2020's Movies by Hint - Statistics

General Stats
  • This quiz has been taken 194 times
  • The average score is 11 of 30
Answer Stats
Year Movie Director Main Actor Supporting Actor % Correct
2023 Barbie Greta Gerwig Margot Robbie Ryan Gosling
98%
2023 Oppenheimer Christopher Nolan Cillian Murphy Emily Blunt
87%
2021 Dune Denis Villeneuve Timothee Chalamet Zendaya
80%
2021 Spider-Man: No Way Home Jon Watts Tom Holland Zendaya
71%
2022 Top Gun: Maverick Joseph Kosinski Tom Cruise Miles Teller
70%
2024 Deadpool and Wolverine Shawn Levy Ryan Reynolds Hugh Jackman
68%
2022 The Batman Matt Reeves Robert Pattinson Zoe Kravitz
56%
2021 Black Widow Cate Shortland Scarlett Johansson Florence Pugh
50%
2022 Thor: Love and Thunder Taika Waititi Chris Hemsworth Natalie Portman
42%
2022 Elvis Baz Luhrmann Austin Butler Tom Hanks
41%
2020 Tenet Christopher Nolan John David Washington Robert Pattinson
38%
2020 Hamilton Thomas Kail Lin-Manuel Miranda Leslie Odom Jr.
37%
2020 Wonder Woman 1984 Patty Jenkins Gal Gadot Chris Pine
32%
2021 No Time to Die Cary Joji Fukunaga Daniel Craig Léa Seydoux
27%
2023 Mission: Impossible: Dead Reckoning Chrstopher McQuarrie Tom Cruise Rebecca Ferguson
26%
2022 The Gray Man Russo Brothers Ryan Gosling Chris Evans
26%
2023 Asteroid City Wes Anderson Jason Schwartzman Scarlett Johansson
25%
2023 Wonka Paul King Timothee Chalamet Keegan-Michael Key
24%
2022 The Adam Project Shawn Levy Ryan Reynolds Walker Scobell
23%
2021 Shang-Chi and the Legend of the Ten Rings Destin Daniel Cretton Simu Liu Awkwafina
22%
2023 Murder Mystery 2 Jeremy Garelick Adam Sandler Jennifer Aniston
18%
2020 Sonic the Hedgehog Jeff Fowler Ben Schwartz Jim Carrey
17%
2020 Bad Boys For Life Adil & Bilall Will Smith Martin Lawrence
16%
2022 Glass Onion: A Knives Out Mystery Rian Johnson Daniel Craig Edward Norton
15%
2021 The French Dispatch Wes Anderson Benicio Del Toro Owen Wilson
13%
2024 Fly Me to the Moon Greg Berlanti Scarlett Johansson Channing Tatum
12%
2022 The Lost City Nee Brothers Sandra Bullock Channing Tatum
12%
2024 Borderlands Eli Roth Cate Blanchett Kevin Hart
11%
2022 Pinocchio Robert Zemeckis Tom Hanks Joseph Gordon-Levitt
7%
2021 F9: The Fast Saga Justin Lin Vin Diesel Michelle Rodriguez
4%
No matching quizzes found
Score Distribution
Percent of People with Each Score
Percentile by Number Answered
Your Score History
You have not taken this quiz